000 005040000a22001690004500
003 MACL
005 20160121173837.0
008 160121b xxu||||| |||| 00| 0 eng d
040 _aMACL
_cMACL
041 _aHindi
082 _a363.2
245 _aआरक्षक चयन परीक्षा गाइड
260 _bआनन्‍द पब्लिकेशन
_aग्‍वालियर
350 _a30
650 _aSocial Problem & Services
_933971
942 _cHIN
_k363.2/AND
_2ddc
999 _c30638
_d30638